Novelas selectas é ilustradas. (Record no. 160790)
[ view plain ]
| 000 -LEADER | |
|---|---|
| campo de control de longitud fija | 01519nam a22002775i 4500 |
| 001 - NÚMERO DE CONTROL | |
| campo de control | 160790 |
| 003 - IDENTIFICADOR DE NÚMERO DE CONTROL | |
| campo de control | ES-MaACL |
| 005 - FECHA Y HORA DE LA ÚLTIMA TRANSACCIÓN | |
| campo de control | 20250728180524.0 |
| 008 - DATOS DE LONGITUD FIJA--INFORMACIÓN GENERAL | |
| campo de control de longitud fija | 041004s1855 fr a |||| | spa d |
| 040 ## - FUENTE DE CATALOGACIÓN | |
| Centro catalogador/agencia de origen | CAM |
| Lengua de catalogación | spa |
| Centro/agencia transcriptor | CAM |
| 245 00 - MENCIÓN DEL TÍTULO | |
| Título | Novelas selectas é ilustradas. |
| 260 ## - PUBLICACIÓN, DISTRIBUCIÓN, ETC. | |
| Lugar de publicación, distribución, etc. | Paris : |
| Nombre del editor, distribuidor, etc. | Señores de Lassalle y Mélan, |
| Fecha de publicación, distribución, etc. | 1855 ( |
| Fabricante | Imprenta Bonaventure y Ducessois) |
| 300 ## - DESCRIPCIÓN FÍSICA | |
| Extensión | 379 p. : |
| Otras características físicas | il. ; |
| Dimensiones | 29 cm. |
| 505 8# - NOTA DE CONTENIDO CON FORMATO | |
| Nota de contenido con formato | Contiene: Las memorias de un angel / Emmanuel Gonzales: p. 1-86 y de la p. 263-307. La Abadia de San Andrés / Octavio Feré: p.87-129. El ultimo coronel / Julio de Saint-Felix: p. 130-173. La casa tapiada / Elias Berthet: p. 174-198. El teniente de la Minerva / Eugenio de Mirecourt: p.199-235. Luisa de Lorena / Clemencia Robert: p.308-347. Justina / Elias Berthet: p.348-368. Los baños del Peñon o los espiritus golpeantes / Octavio Feré: p. 369-375. El monje de Saire: leyenda de marinos de la Mancha / Octavio Feré: p.376-379 |
| 594 ## - Nota al título y mención de responsabilidad | |
| Nota al título y mención de responsabilidad | Precede al tit. "Publicación del Correo de Ultramar" |
| 594 ## - Nota al título y mención de responsabilidad | |
| Nota al título y mención de responsabilidad | Traducidas al español por N.A. |
| 599 ## - NOTA A LAS ILUSTRACIONES | |
| NOTA A LAS ILUSTRACIONES | Las ils. escenifican el texto. |
| 700 0# - ENTRADA AGREGADA--NOMBRE PERSONAL | |
| Nombre de persona | Gonzalès, Emmanuel. |
| 9 (RLIN) | 58267 |
| 700 0# - ENTRADA AGREGADA--NOMBRE PERSONAL | |
| Nombre de persona | Féré, Octave. |
| 9 (RLIN) | 49280 |
| 700 1# - ENTRADA AGREGADA--NOMBRE PERSONAL | |
| Nombre de persona | Saint-Félix, Jules de, |
| Fechas asociadas al nombre | 1806-1874 |
| 9 (RLIN) | 154811 |
| 700 0# - ENTRADA AGREGADA--NOMBRE PERSONAL | |
| Nombre de persona | Berthet, Elie. |
| 9 (RLIN) | 28448 |
| 700 1# - ENTRADA AGREGADA--NOMBRE PERSONAL | |
| Nombre de persona | Mirecourt, Eugène de, |
| Fechas asociadas al nombre | 1812-1880 |
| 9 (RLIN) | 129980 |
| 700 1# - ENTRADA AGREGADA--NOMBRE PERSONAL | |
| Nombre de persona | Robert, Clémence. |
| 9 (RLIN) | 131878 |
| 852 ## - LOCALIZACIÓN | |
| Ubicación | ES-MaACL |
| Número de control de estantería | C-2094 |
| Nota libre | -- Enc. hol. |
| -- | -- Legado de M. de La Fuente |
| Estatus retirado | Estado de pérdida | Estado de daño | No para préstamo | Colección | Biblioteca de origen | Biblioteca actual | Ubicación en estantería | Fecha de adquisición | Fuente de adquisición | Total de préstamos | Signatura topográfica completa | Código de barras | Visto por última vez | Precio de reemplazo | Tipo de ítem Koha |
|---|---|---|---|---|---|---|---|---|---|---|---|---|---|---|---|
| Libros del s. XIX | Biblioteca del Ateneo de Madrid | Biblioteca del Ateneo de Madrid | Sala Palomar | 17/01/2008 | C-2094 | 1168379 | 23/02/2023 | 23/02/2023 | Libro impreso antiguo |
